000 00578nam a22002177a 4500
003 OSt
005 20140310182437.0
008 130311t xxu||||| |||| 00| 0 eng d
020 _a9715063519
050 _aR 724
_b.Al172 2006
100 _a Alora, Angeles Tan
_97323
245 _aBioethics for students /
_cAngeles Tan Alora.
260 _aManila :
_bUST Publishing House,
_cc2006.
300 _a89 p. :
_c23 cm.
650 _aBioethics.
_97320
650 _aMedical Ethics.
_97324
942 _2lcc
_cSSLC
999 _c13475
_d13475